The world of sex

Αποθηκεύτηκε σε:
Λεπτομέρειες βιβλιογραφικής εγγραφής
Κύριος συγγραφέας: Miller, Henry
Μορφή: Βιβλίο
Γλώσσα:Undetermined
Έκδοση: New York, Estados Unidos Grove Press 1965
Έκδοση:2
Θέματα:
Ετικέτες: Προσθήκη ετικέτας
Δεν υπάρχουν, Καταχωρήστε ετικέτα πρώτοι!

MARC

LEADER 00000nam a2200000Ia 4500
008 170316s9999 xx 000 0 und d
040 |a cru BVZT 
090 |a 810 M-42w 
100 |a Miller, Henry 
245 4 |a The world of sex 
250 |a 2 
260 |a New York, Estados Unidos 
260 |b Grove Press 
260 |c 1965 
300 |a 124 páginas 
650 |a LITERATURA ESTADOUNIDENSE 
999 |c 5944  |d 5944 
942 |c 15 D  |h 810 M-42w  |2 z